000 00453nam a2200205Ia 4500
008 210210b1957 xxu||||| |||| 00| 0 eng d
041 _aeng
082 _a825/1011
100 _aWILLEY
245 _aEssays and studies Vol.10 1957
260 _aLondon
_bJohn Murray
_c1957
440 _a10
650 _aVol.10
650 _astudies
650 _aEssays
650 _aand
650 _a1957
690 _aEnglish Criticism
906 _a015327
999 _c134687
_d134687